| 000 | 00930cam a2200253 a 4500 | ||
|---|---|---|---|
| 999 |
_c330185 _d330185 |
||
| 001 | 15530014 | ||
| 003 | NUST | ||
| 005 | 20170613111933.0 | ||
| 008 | 081120s2009 iau 001 0 eng | ||
| 010 | _a 2008048886 | ||
| 020 | _a9780073383224 (pbk. : alk. paper) | ||
| 020 | _a0073383228 (pbk. : alk. paper) | ||
| 040 |
_aDLC _cDLC _dDLC |
||
| 050 | 0 | 0 |
_aQH541 _b.M553 2009 |
| 082 | 0 | 0 |
_a577 MOL _222 |
| 100 | 1 |
_aMolles, Manuel C., _cJr., _d1948- _92517 |
|
| 245 | 1 | 0 |
_aEcology : _bconcepts and applications / _cManuel C. Molles, Jr. |
| 250 | _a5th ed. | ||
| 260 |
_aDubuque, IA : _bMcGraw-Hill, _c2009. |
||
| 300 |
_axx, 572 p. : _bill. ; _c28 cm. |
||
| 500 | _aIncludes index. | ||
| 501 | _aP.B | ||
| 650 | 0 |
_aEcology. _92518 |
|
| 906 |
_a7 _bcbc _corignew _d1 _eecip _f20 _gy-gencatlg |
||
| 942 |
_2ddc _cBK _kIESE |
||